Score 0/23 Timer 10:00
0 Plays Today
Letter Title % Correct
CCinderella
84.7%
HHansel and Grethel
81%
LLittle Red Cap
79.7%
SSnow White
77.1%
RRumpelstiltskin
63.3%
TTom Thumb
63.2%
FThe Fisherman and His Wife
9.1%
KKing Thrushbeard
2.7%
QThe Queen Bee
2.5%
GGodfather Death
2.4%
JJorinda and Joringel
2.3%
IThe Iron Stove
2%
Letter Title % Correct
NThe Nail
1.7%
YThe Young Giant
1.7%
AThe Aged Mother
1.6%
MThe Master-Thief
1.5%
UThe Ungrateful Son
1.5%
DThe Death of the Little Hen
1.4%
PThe Peasant's Wise Daughter
1.4%
EThe Ear of Corn
1.3%
BBrides on Their Trial
1.2%
OOdds and Ends
1.2%
WThe Wise Servant
1.2%
Remove Ads.
Support Sporcle.
Get the best of Sporcle when you Go Orange. This ad-free experience offers more features, more stats, and more fun while also helping to support Sporcle. Thank you for becoming a member.

You're not logged in!

Compare scores with friends on all Sporcle quizzes.
OR
Log In

Show Comments

Extras

Top Quizzes Today


Score Distribution

Your Account Isn't Verified!

In order to create a playlist on Sporcle, you need to verify the email address you used during registration. Go to your Sporcle Settings to finish the process.

Report this User

Report this user for behavior that violates our Community Guidelines.

Details: